00425nam a22001697a 450000500170000001000150001702000110003203500130004303700130005608200100006910000190007924500490009826000370014727000410018430000270022570000030025220100816141711.0 aENG-100695 c150.00 aEN-84228 bDBAD/PUB a230.1 aChandra, Dipak aKrishana in indraprastha /cby Dipak Chandra aCalcuttabNew Bengal Pressc2008 a68, College StreetbCalcuttae700073 aiv, 169 p. b20cm (Hb)